Регионална библиотека "Любен Каравелов" - Русе

Електротехника и приложение на електрическата енергия в селското стопанство (Запис номер 457867)

MARC детайли
000 -Лидер
Контролно поле с фиксирана дължина nam a22 a 4500
003 - Код на организацията, давaща контролен номер
Контролно поле BLK
005 - Дата и час на последна редакция
Контролно поле 20220526112656.0
008 - Елементи от данни с фиксирана дължина
fixed length control field 200311b bul|||||r ||||||| ||bul||
040 ## - Източник на каталожния запис
Идентификатор на билиотеката - собственик на записа BLK
041 ## - Код за език
Код за езика на текст/звукозапис или на отделно заглавие Български
Код за езика КДБФ Български
080 ## - УДК
Текстов определител УДК Електротехника
УДК код - определител по УДК 621.3
УДК определител :63(075.3)
УДК - код + определител 621.3:63(075.3)
100 1# - Редна дума - Автор
Автор Куцаров, Любен М.
Авторска отговорност първи автор
R(LIN) 86007
139 ## - Редно поле
Редна дума Куцаров, Любен М. и П. Божинов
245 10 - Сведения за заглавието
Заглавие Електротехника и приложение на електрическата енергия в селското стопанство
Подзаглавни данни Учебник за ІІІ и IV курс на техникумите по механизация на селското стопанство
Редно поле (дума) Любен М. Куцаров, Петър Хр. Божинов
257 ## - Страна на издаване
Страна на създаване/издаване България
260 ## - Област на издателските данни
Място на издаване, разпространение и проч. София
Име на издателя, разпространителя и проч. Земиздат
Година на издаване 1966
9 (RLIN) 209440
Издателство - префикс ISBN 954-05-
300 ## - Физическа характеристика
Страници 360 с.
Илюстрации и др. с ил., 1 л. черт
Размери/Мащаб 22 см
380 ## - Жанр
Жанр Техника
500 ## - Общи забележки
Забележка 1. изд. 1960; - 5 060 тир.
650 #7 - Допълнително описание по предмет – тема
Основно описание – тема или топоним Електротехника
9 (RLIN) 154787
650 #0 - Допълнително описание по предмет – тема
Основно описание – тема или топоним Селско стопанство
9 (RLIN) 275911
653 #7 - Ключова дума – ненормативна
9 (RLIN) 199113
Ключова дума учебници за техникуми
700 ## - Други автори (авторска отговорност)
Лично име Божинов, Петър Хр.
Автороска отговорност (Описва отношението между автора и произведението) съавт.
9 (RLIN) 260188
852 ## - Местоположение
Форматна сигнатура Цб 36398
Фондова буква Хранилище
856 4# - Електронен адрес и достъп
Електронен формат pdf - файл
Път до файла /url/
856 4# - Електронен адрес и достъп
Електронен формат pdf - файл
Път до файла /url/
999 ## - СИСТЕМНИ КОНТРОЛНИ НОМЕРА
Koha biblionumber 457867
Koha biblioitemnumber 457867
942 ## - АРТИКУЛИ
Вид на библиотечния материал Книги
Скрит в OPAC Не
Периодичен библиозапис Да
944 ## - СЪЗДАВАНЕ И РЕДАКЦИЯ на ЗАПИСА
Създаване/Редакция Създаване
Дата на регистрацията/редакция 2022-05-26
Служител, извършил регистрацията/редакцията ир
Наличности
Код за отписване Код за изгубен артикул Източник на класификационната схема Код за повреда Коз за рестрикции Код за отдаване Артикулен № Име на библиотеката - собственик Име на библиотеката, в която се намира в момента Статус (Текущо местоположение) Дата на вписване в системата Местоположение - отдел Цена в лева Инвентарен номер Систематично азбучна сигнатура Баркод Цена в евро Служебен тип на артикула
  Не е изгубен Universal Decimal Classification Не е повреден само за читалня ползва се в читалня 887632 Регионална библиотека "Любен Каравелов" Русе Регионална библиотека "Любен Каравелов" Русе Хранилище 2022-06-02 Хранилище 1.21 1731/66 Цб 36398 900000096446 0.62 Книги
Vip Innovations Ltd, Rousse, Bulgaria 2025